Les noms de Mammifères par lettres -S - Statistiques

Statistiques générales
  • Ce quiz a été pris 112 fois
  • Le résultat moyen est 6 sur 27
Statistiques - réponses
Par images Réponse % Correct
Souris
99%
Sanglier
95%
Suricate
91%
Singe
86%
Serval
66%
Saïmiri / Singe-écureuil
29%
Springbok
28%
Saïga
27%
Sapajou
17%
Singe-araignée
17%
Saki
14%
Siamang
11%
Souslik / Spermophile
5%
Saola
4%
Sarigue
4%
Saro
3%
Souris à miel
3%
Semnopithèque
2%
Souris-marsupiale
2%
Steenbok
1%
Saccoptère
0%
Salpingote
0%
Sassabi
0%
Sérotine
0%
Siciste / Sminthe
0%
Solénodon
0%
Souris-sauterelle
0%
Aucun quiz correspondant
Distribution des résultats
% des personnes avec chaque résultat
Percentile par nombre de réponses
Votre historique - résultats
Vous n’avez pas pris ce quiz